| 000 | 00938nam a2200205 a 4500 | ||
|---|---|---|---|
| 001 | 000030540 | ||
| 003 | DO-SdBNP | ||
| 005 | 20240229073937.0 | ||
| 007 | ta | ||
| 008 | 110523s1958 dr c r 000 | spa d | ||
| 040 |
_aDO-SdBNP _bspa _cBNPHU |
||
| 082 |
_axxxx _bT866d |
||
| 100 | 1 |
_aTrujillo Molina, Rafael Leónidas, _d 1891-1961 _976764 |
|
| 245 | 1 | 0 |
_aDiscurso pronunciado por el ilustre benefactor de la patria y padre de la patria nueva, generalísimo Doctor Rafael Leónidas Trujillo Molina el día 24 de octubre de 1958, con motivo del grandioso homenaje que le tributaron representantes de la Industria, el Comercio, la Agricultura, la Banca y hombres de negocios del país. _cRafael Leónidas Trujillo Molina |
| 260 |
_aCiudad Trujillo, República Dominicana : _bSecretaría de Estado de Trabajo, _c1958. |
||
| 300 |
_a18 p. : _bretr. ; _c23 cm. |
||
| 590 | _aInventariado, 2022/ YL | ||
| 910 | _aYLockward | ||
| 942 |
_2ddc _cLF2 |
||
| 999 |
_c30032 _d30032 |
||